Missing Word: Anagrammed Actor Pairs Quiz Stats

 Plays Quiz Updated Dec 2, 2017

Challenge
Share
Tweet
Embed
Score 0/30 Timer 03:00
0 Plays Today
Actor (Known For) Name % Correct
______ Schwarzenegger (The Terminator)Arnold
99%
_____ Parton (Nine to Five)Dolly
97.2%
____ Neeson (Schindler's List)Liam
97%
_____ Winfrey (The Color Purple)Oprah
93.8%
____ Kudrow (Friends)Lisa
90%
____ Kunis (That '70s Show)Mila
89.9%
Christian ____ (The Dark Knight)Bale
89.3%
______ Poitier (In the Heat of the Night)Sidney
88.8%
James ____ (Rebel Without a Cause)Dean
88.3%
______ Reagan (Bedtime for Bonzo)Ronald
87.7%
Walt ______ (Steamboat Willie)Disney
87.6%
______ Beatty (Bonnie and Clyde)Warren
86.4%
_______ Ricci (Addams Family Values)Christina
77.5%
_______ Slater (True Romance)Christian
76.2%
_____ the Giant (The Princess Bride)André
75.6%
Actor (Known For) Name % Correct
Christopher _____ (Back to the Future)Lloyd
74.8%
Idris ____ (Prometheus)Elba
72.3%
_____ Marx (Duck Soup)Harpo
71.7%
____ Curtin (Saturday Night Live)Jane
66.2%
____ Fisher (Wedding Crashers)Isla
66.1%
____ Remini (The King of Queens)Leah
63.3%
Malcolm-Jamal ______ (The Cosby Show)Warner
61.1%
____ Reno (Léon: The Professional)Jean
55.4%
____ DeHaan (The Amazing Spider-Man 2)Dane
45%
Tony ____ (Arrested Development)Hale
43.2%
______ Barrymore (It's a Wonderful Life)Lionel
42%
____ Urban (Star Trek Into Darkness)Karl
41.6%
____ Voorhies (Saved by the Bell)Lark
40.5%
Ed ______ (Modern Family)O'Neill
38.5%
Eve _____ (Grease)Arden
29.5%

Today's Daily Dose

Missing Word
Top 10 Artists

Word Ladder
'70s Song II

On This Day
October 20th II

You're not logged in!

Compare scores with friends on all Sporcle quizzes.
Join for Free
OR
Log In

You Might Also Like...

Show Comments

Extras

Top Quizzes Today


Score Distribution

Your Account Isn't Verified!

In order to create a playlist on Sporcle, you need to verify the email address you used during registration. Go to your Sporcle Settings to finish the process.

Report this User

Report this user for behavior that violates our Community Guidelines.

Details: